Normal view
MARC view
Entry Personal Name
001 - CONTROL NUMBER
- control field: 55018
003 - CONTROL NUMBER IDENTIFIER
- control field: dpl
005 - DATE AND TIME OF LATEST TRANSACTION
- control field: 20130201122232.0
008 - FIXED-LENGTH DATA ELEMENTS
- fixed length control field: 130201|||a|||||| | ||| d
040 ## - CATALOGING SOURCE
- Original cataloging agency: dpl
- Transcribing agency: dpl
100 ## - HEADING--PERSONAL NAME
- Personal name: Sharma, K.K.
670 ## - SOURCE DATA FOUND
- Source citation: Work cat.: (dpl)66680: Sharma, K.K., A textbook of physical chemistry /, 2012
670 ## - SOURCE DATA FOUND
- Source citation: Work cat.: (dpl)66680: Sharma, K.K., A textbook of physical chemistry /, 2012
